000 00509nam a2200181Ia 4500
005 20250508152824.0
008 008 250505s9999 xx 000 0 hin d
037 _aReference
040 _aFEDL
_beng
_cFEDL
041 _ahin
_2eng
084 _a491.433, SHA
_qFEDL
100 _aRamsurup Shastri
_9762483
245 0 _aAdarsh hindi sanskrit kosh
260 _aVaranasi, India
_bChowkhamba Vidhabawan
_c1957
300 _a749p.
942 _cREF
_h491.433, SHA
999 _c1338984
_d1338984